LIBRARY ONLINE CATALOGUE

A History of the Luo-speaking peoples of Eastern Africa / (Record no. 13723)

MARC details
000 -LEADER
fixed length control field 00601nam a22001932 4500
001 - CONTROL NUMBER
control field 0000019769
005 - DATE AND TIME OF LATEST TRANSACTION
control field 20151217155902.0
008 - FIXED-LENGTH DATA ELEMENTS--GENERAL INFORMATION
fixed length control field 110207s xx 000 0 eng d
040 ## - CATALOGING SOURCE
Original cataloging agency KABU
Transcribing agency KABU
100 1# - MAIN ENTRY--PERSONAL NAME
Personal name Ogot, Bethwell A.
-- 0000148931
245 12 - TITLE STATEMENT
Title A History of the Luo-speaking peoples of Eastern Africa /
Statement of responsibility, etc. Bethwell A. Ogot.
250 ## - EDITION STATEMENT
Edition statement 1st ed.
260 ## - PUBLICATION, DISTRIBUTION, ETC. (IMPRINT)
Place of publication, distribution, etc. Kisumu, Kenya :
Name of publisher, distributor, etc. Anyange Press,
Date of publication, distribution, etc. 2009.
300 ## - PHYSICAL DESCRIPTION
Extent 912 p.
650 #0 - SUBJECT ADDED ENTRY--TOPICAL TERM
Topical term or geographic name as entry element Luo (African people)
-- 0000179712
852 1# - LOCATION
-- p4000 KES
908 ## - PUT COMMAND PARAMETER (RLIN)
Put command parameter 110207
950 ## - LOCAL HOLDINGS (RLIN)
-- 1
Holdings
Withdrawn status Lost status Source of classification or shelving scheme Not for loan Home library Current library Date acquired Total Checkouts Total Renewals Full call number Barcode Date last seen Date last checked out Price effective from Koha item type
    Library of Congress Classification   Kabarak, Main Campus Kabarak, Main Campus 17/12/2015 3 1 DT365.45 .L86O36 2009 c. 1 22649 09/06/2018 05/06/2018 17/12/2015 Africana Collection